DENTRO DE LOS CUATRO MARES: EL DIALOGO ENTRE ORIENTE Y OCCIDENTE/
TRADUCCION DE: WITHIN THE FOUR SEAS
Đã lưu trong:
| Tác giả chính: | |
|---|---|
| Định dạng: | Sách |
| Những chủ đề: | |
| Các nhãn: |
Không có thẻ, Là người đầu tiên thẻ bản ghi này!
|
MARC
| LEADER | 00000nam^a2200000^a^4500 | ||
|---|---|---|---|
| 001 | 000218777 | ||
| 005 | 20250521000000.0 | ||
| 009 | 20260310103759.558 | ||
| 035 | |a 029974 | ||
| 037 | |a Acervo Xavier Clavigero | ||
| 082 | |a 306. 4 NEE | ||
| 100 | |a Needham, Joseph |e (autor) | ||
| 245 | 1 | 0 | |a DENTRO DE LOS CUATRO MARES: |b EL DIALOGO ENTRE ORIENTE Y OCCIDENTE/ |c JOSEPH NEEDHAM; TR. PILAR LOPEZ MAÑEZ |
| 264 | |a MADRID : |b SIGLO XXI, |c 1975 | ||
| 300 | |a 250p. | ||
| 336 | |a texto |b txt |2 rdacontenido | ||
| 337 | |a sin mediación |b n |2 rdamedio | ||
| 338 | |a volumen |b nc |2 rdasoporte | ||
| 520 | |a TRADUCCION DE: WITHIN THE FOUR SEAS | ||
| 649 | |a XX | ||
| 650 | |a Cultura | ||
| 650 | |a China - |x Historia | ||
| 650 | |a Tecnología y Sociedad | ||
| 910 | |a Fondo General | ||
| 920 | |a Impresos - Libros | ||
| 930 | |a Colección General | ||
| 905 | |a 101 | ||
| 901 | |a 029974 |b IT1 |c ACC |i 029974 |u 20250521 | ||
| 902 | |a https://opac.biblio.iteso.mx/vufind/Record/000218777 | ||